Yang-Mills, Kaluza-Klein, and the Einstein program /
Guardado en:
| Autor Principal: | |
|---|---|
| Formato: | Libro |
| Idioma: | English |
| Publicado: |
Brookline, Mass. :
Math Sci Press,
c1978.
|
| Series: | Interdisciplinary mathematics ;
v. 19 |
| Materias: | |
| Etiquetas: |
Agregar Etiqueta
Sin Etiquetas, Sea el primero en etiquetar este registro!
|
| LEADER | 00919cam a2200265 a 4500 | ||
|---|---|---|---|
| 001 | MAT.inmabb005045 | ||
| 008 | 780420s1978####mau######b####000#0#eng## | ||
| 005 | 20180222172124.0 | ||
| 245 | 1 | 0 | |a Yang-Mills, Kaluza-Klein, and the Einstein program / |c Robert Hermann ; with contributions by Frank Estabrook and Hugo Wahlquist. |
| 260 | |a Brookline, Mass. : |b Math Sci Press, |c c1978. | ||
| 300 | |a xii, 198 p. ; |c 23 cm. | ||
| 440 | 0 | |a Interdisciplinary mathematics ; |v v. 19 | |
| 504 | |a Incluye referencias bibliográficas. | ||
| 510 | 4 | |a MR, |c 81m:83042 | |
| 020 | |a 0915692252 | ||
| 100 | 1 | |a Hermann, Robert, |d 1931- | |
| 650 | 0 | |a Mathematical physics. | |
| 650 | 0 | |a Unified field theories. | |
| 650 | 0 | |a Quantum theory. | |
| 650 | 0 | |a Kaluza-Klein theories. | |
| 650 | 0 | |a Yang-Mills theory. | |
| 084 | |a 83E05 (81Txx) |2 msc2000 | ||
| 010 | |a 78008461 | ||
| 040 | |a DLC |c DLC |d DLC | ||
| 859 | |h 83 |i H552y |p A-5434 |b BIB. MATEMATICA | ||
